00352nam a2200133Ia 4500003000400000008004100004020002300045040000800068100001600076245004600092260005400138300001500192365001100207LDD181029s9999 xx 000 0 und d a8122404669c165.00 cLDD aKeer, H. V. 0aPrinciples of the solid statecH. V. Keer aNew DelhibNew Age International Publishersc2000 axvii, 379p b165.00